• 首页
  • 本馆介绍
  • 公告通知
  • 最新文献
  • 馆藏检索
  • 电子资源
  • 读者导购
  • 参考咨询
  • 我的图书馆
  • 登录
  • 详细信息显示
  • 放入我的书架
  • 预约/预借图书
  • 作者相关作品
  • 分类相关作品
  • 丛书相关作品
  • 出版社相关作品

书目信息

  • 表格格式
  • 工作单格式
  • 卡片格式
题名:
中国西部城市土地定级估价:探索与实践
    
 
作者: 任志远 著
分册:  
出版信息: 北京   科学出版社  2000
页数: 235页
开本: 26cm
丛书名:
单 册:
中图分类: F299.232 , F299.23
科图分类:
主题词: 城市--地价--评估--中国 , 城市 , 地价
电子资源:
ISBN: 7-03-008253-2
000 01051nam0 2200289 450
000 01031nam0 2200277 450
000 00960nam0 2200253 450
000 00924nam0 2200241 45
005 20070525130204.85
010    @a7-03-008253-2@dCNY35.00
100    @a20070419d2000 em y0chiy0120 ea
101 0  @achi
102    @aCN@b110000
105    @ay z 000yy
200 1  @a中国西部城市土地定级估价:探索与实践@AZhong Guo Xi Bu Cheng Shi Tu Di Ding Ji Gu Jia : Tan Suo Yu Shi Jian@f任志远等著@FRen Zhi Yuan Deng Zhu
210    @a北京@c科学出版社@d2000
215    @a235页@d26cm
300    @a陕西师范大学 康德集团出版基金资助出版
330    @a本书根据中国西部地区城镇的分布、结构和功能特征,以及区域社会经济的发展水平和趋势,通过具有不同规模和特色的城镇土地定级和基准地价评估案例,进行深入系统的理论探索和实践研究。
606 0  @a城市@x地价@x评估@y中国
606 0  @a城市
606 0  @a地价
690    @aF299.232@v4
690    @aF299.23@v3
701  0 @a任志远@ARen Zhi Yuan@4著
801  0 @aCN@bTAOJIN@c20070525
905    @a10447@dF299.23@e498
    
    中国西部城市土地定级估价:探索与实践/任志远等著.-北京:科学出版社,2000
    235页;26cm
    陕西师范大学 康德集团出版基金资助出版
    
    ISBN 7-03-008253-2:CNY35.00
    本书根据中国西部地区城镇的分布、结构和功能特征,以及区域社会经济的发展水平和趋势,通过具有不同规模和特色的城镇土地定级和基准地价评估案例,进行深入系统的理论探索和实践研究。
●
相关链接 在E读中查询图书 在五车中查询图书 在当当中查询图书 在豆瓣中查询图书


正题名:中国西部城市土地定级估价:探索与实践     索取号:F299.23/498         预约/预借

序号 登录号 条形码 馆藏地/架位号 状态 备注
1 0522561   205225610   第一样本阅览室/ [索取号:F299.23/498] 在馆    
2 0522562   205225629   第一借阅区/ [索取号:F299.23/498] 在馆    
3 0522563   205225638   第一借阅区/ [索取号:F299.23/498] 在馆    
4 0522564   205225647   第一借阅区/ [索取号:F299.23/498] 在馆    
唐山师范学院图书馆 欢迎您!
大连网信软件有限公司© 版权所有